000
00272nam a2200109 a 4500
005
20141022142007.0
008
100913s19uu xx 00 eng d
050
_a
CD-ROM
_b
P34 2006
245
_a
Pediatric Nursing Skills.
260
_b
Prentice Hall,
_c
2006.
942
_c
AVM
999
_c
276564
_d
276564